000 00446nam a2200169Ia 4500
008 230917s9999||||xx |||||||||||||| ||und||
020 _cRS 695.00
040 _e5009092
_aMAIN
041 _aEnglish
082 _a954.02 S23M
100 _aSharma, Dinanath
245 0 _aMadhyakalin bharat ka itihas
260 _aJaipur
_bMark Publishers
_c2022
300 _a233 p.
500 _a4863 22/12/2022 RBSA22/280 27/12/2022 Main Budget
942 _cBK
999 _c7595
_d7595